Alexander von Humbold und seine zeit

Na minha lista:
Detalhes bibliográficos
Autor principal: De Terra, Helmut (Author)
Formato: Livro
Idioma:alemão
Publicado em: Wiesbaden F. A. Brockhaus 1959
Edição:2a. ed
Assuntos:
Tags: Adicionar Tag
Sem tags, seja o primeiro a adicionar uma tag!

MARC

LEADER 00000cam a2200000 a 4500
001 UCD3821
003 CL-VaPUC
008 160616e19590000gw |||||||||||||||||ger|d
082 0 4 |a 925.5  |b DET  |2 21 
100 |a De Terra, Helmut  |e author  |9 372247 
245 1 0 |a Alexander von Humbold und seine zeit 
250 |a 2a. ed 
300 |a 279 p 
942 |c BK 
945 |d 20160616 22:39:00  |a arojas 
260 |a Wiesbaden  |b F. A. Brockhaus  |c 1959 
600 0 7 |a HUMBOLDT, ALEXANDER VON  |2 CL-VaPUC  |9 268688 
650 0 |a Biografías  |9 255210 
583 |a last modification  |c 20160616 22:39:00  |k Rodrigo Vera 
999 |c 364836  |d 364834 
952 |0 0  |1 0  |3 erb  |4 0  |6 925_500000000000000_DET_1959  |7 0  |8 A  |9 478432  |a FDOHBE  |b FDOHBE  |e Huesbe Llanos, Marco Antonio, 1934-  |i 5330033  |o 925.5 DET 1959  |p 5330033  |r 2024-01-30  |w 2019-11-24  |y BK  |z Catalogado en:20160616  |k HBE